Pays avec le plus de congés (Vacances + Fériés) - Statistiques

Statistiques générales
  • Ce quiz a été pris 452 fois
  • Le résultat moyen est 10 sur 20
Statistiques - réponses
Classement Pays Vacances Fériés TOTAL % Correct
6 France 25 11 36
99%
9 Espagne 22 14 36
87%
7 Suède 25 11 36
78%
12 Portugal 22 13 35
73%
5 Royaume-Uni 28 8 36
72%
10 Finlande 25 10 35
68%
19 Brésil 22 11 33
58%
14 Japon 20 15 35
58%
15 Danemark 25 9 34
56%
17 Pologne 20 13 33
53%
4 Grèce 25 12 37
52%
1 Autriche 25 13 38
49%
11 Luxembourg 25 10 35
45%
18 Hongrie 23 10 33
37%
20 Croatie 20 13 33
33%
2 Malte 24 14 38
21%
16 Pérou 22 12 34
19%
13 Chypre 20 15 35
17%
8 Vénézuela 24 12 36
14%
3 Bolivie 25 12 37
12%
Aucun quiz correspondant
Distribution des résultats
% des personnes avec chaque résultat
Percentile par nombre de réponses
Votre historique - résultats
Vous n’avez pas pris ce quiz